000 00790nam a2200193 a 4500
008 120416s0000 ||||||||||||||||| || u
020 _a1559387262
050 _aHF 5415.2 Adv
100 _aBowen, David E
245 1 0 _aAdvances in services marketing and management
246 _aresearch and practice
260 _aGreenwich, Connecticut
_bJAI Press
_c1993/94
300 _a2 Vols.
350 _a0.00
700 _aSwartz, Teresa A
700 _aBrown, Stephen W
995 _aMAIN LIBRARY OPEN ACCESS
_D0.00
_e727184
_FCBU-MAIN LIBRARY (Kitwe)
_H1
_I49.95
_jHF 5415.2 Adv
_UAVAILABLE
_y000018
_ZMain Library Open Access Collection
995 _aMAIN LIBRARY OPEN ACCESS
_D0.00
_e000062
_FCBU-MAIN LIBRARY (Kitwe)
_H2
_I49.95
_jHF 5415.2 Adv
_UAVAILABLE
_y000062
_ZMain Library Open Access Collection
999 _c83739
_d83739